00917nam a22001817a 4500003000500000005001700005008004100022020001800063050002700081100002100108245011700129260005500246300000900301500017000310650008700480650007600567650009200643SISC20171108112450.0171103b xxu||||| |||| 00| 0 eng d a9781921972324 aCD QA 273 b.Q7se 2013 aQuinn, Catherine aMathematics for the international student mathematics HL option :bsets, relations and groups /cCatherine Quinn aAustralia :bHaese and Harris Publications,c2013. a1 CD aAccompanying material to the book entitled "Mathematics for the international student mathematics HL option : sets, relations and groups" by Catherine Quinn (IB0188) 2Library of Congress Subject ClassificationaMathematicsxProblems, exercises, etc. 2Library of Congress Subject ClassificationaInternational Baccalaureate 2Library of Congress Subject ClassificationaMathematicsxStudy and teaching (Secondary)